|
|
|
|
| LEADER |
00000nam0a2200000 4500 |
| 001 |
94962 |
| 005 |
20241004095706.0 |
| 035 |
|
|
|a (RuTPU)RU\TPU\book\101714
|
| 090 |
|
|
|a 94962
|
| 100 |
|
|
|a 20060418d1975 m y0rusy50 ca
|
| 101 |
0 |
|
|a rus
|
| 102 |
|
|
|a RU
|
| 105 |
|
|
|a y z 010zy
|
| 200 |
1 |
|
|a Берлинская операция
|f А. Н. Шиманский
|
| 210 |
|
|
|a Москва
|c Знание
|d 1975
|
| 215 |
|
|
|a 64 с.
|
| 225 |
1 |
|
|a В помощь лектору
|
| 300 |
|
|
|a К 30-летию победы советского народа в Великой Отечественной войне 1941-1945 гг.
|
| 606 |
|
|
|a Берлинская операция 1945
|9 51813
|
| 610 |
1 |
|
|a Великая Отечественная война 1941-1945
|
| 610 |
1 |
|
|a река Одер
|
| 610 |
1 |
|
|a река Нейс
|
| 610 |
1 |
|
|a враги
|
| 610 |
1 |
|
|a штурм
|
| 610 |
1 |
|
|a фашизм
|
| 610 |
1 |
|
|a Германия
|
| 610 |
1 |
|
|a капитуляция
|
| 610 |
1 |
|
|a Прага
|
| 686 |
|
|
|2 rubbk
|a Т3(0)62,1
|
| 700 |
|
1 |
|a Шиманский
|b А. Н.
|g Александр Николаевич
|
| 801 |
|
1 |
|a RU
|b 63413507
|c 20060418
|g PSBO
|
| 801 |
|
2 |
|a RU
|b 63413507
|c 20130614
|g PSBO
|
| 942 |
|
|
|c BK
|